| 000 | 00613nam a2200181 a 4500 | ||
|---|---|---|---|
| 005 | 20140310183501.0 | ||
| 008 | 100224s19uu xx 00 eng d | ||
| 020 | _a1397815852555119 | ||
| 050 |
_aRT 51 _b.N87 2007 |
||
| 245 | _aNurse's 5-minute clinical consult diseases. | ||
| 260 |
_aPhiladelphia : _bLippincott Williams & Wilkins, _c2007. |
||
| 300 |
_a892 p. : _bill. ; _c27 cm. |
||
| 521 | _aNUR | ||
| 650 |
_aNursing _xHandbooks, manuals, etc. |
||
| 650 |
_aNursing assessment _xmethods _xhandbooks, manuasl, etc. 3. Patient _xEducation-Handbooks, manuals, etc. |
||
| 942 |
_cBK _2lcc _kFOR |
||
| 999 |
_c23895 _d23895 |
||